| 000 | nam a22 7a 4500 | ||
|---|---|---|---|
| 999 |
_c48986 _d48986 |
||
| 005 | 20200427111506.0 | ||
| 008 | 200427b xxu||||| |||| 00| 0 eng d | ||
| 040 | _aANE | ||
| 041 | _aEs | ||
| 100 | _aTomás Botella,Bernardo | ||
| 245 | _aAdministración económica del distrito inquisitorial de Valencia: la receptoría de bienes confiscados (1482-1493) | ||
| 260 |
_aValencia _c2016 |
||
| 300 | _a542 p. | ||
| 650 | _aAdministración Económica | ||
| 650 | _aContabilidad | ||
| 650 | _aBienes Confiscados | ||
| 856 | _uhttp://documentacion.asambleanacional.gob.ec/alfresco/d/d/workspace/SpacesStore/9c879008-5319-4ac5-af50-2e4a4648dabd/TESIS%20ADMINISTRACI%c3%93N%20ECON%c3%93MICO%20DEL%20DISTRITO%20INQUISITORIAL%20DE%20VALENCIA%20.pdf | ||
| 942 |
_2ddc _cBV _zNr. |
||